000 00708nam a22002177a 4500
003 UA-OsUOA
001 75149
007 ta
008 20110506b un ||||| |||| 00| 0 ukr d
100 _aКудрин А.Л.
090 _a330
_bК22
942 _cSA
040 _aUA-OsUOA
_brus
_cUA-OsUOA
_dUA-OsUOA
245 _aКак страховаться от кризисных разруений. Экономика стран еврозоны: три скорости восстановления
300 _aС.7-9
955 _a0
041 _arus
080 _a330
773 0 _w75148
_tМеждународная экономика
_dМ.
_d2011
_g3
650 7 _a330 Економіка взагалі
_2UDC
999 _c361445
_d361445